000 01563cas a2200361 a 4500
001 5152020
003 AUA.1
005 20260208124412.0
008 260208c18839999dcuar 0 0eng d
010 _asn 87022042
_z18017399
035 _a.b13990883
040 _aTMS
_cTMS
_dm.c.
_dOCL
_dIUL
_dNST
_dEXN
042 _amsc
049 _aEXNH
_aEXNW
050 _aBX 6108
_b2025
245 0 0 _a Seventh-day Adventist Church yearbook 2025/
246 1 0 _aYearbook.
260 _aSilverspring, MD.
_bGeneral Conference of Seventh-day Adventists Archives, Statistics and Research
_c2025
300 _a1011p. ;
_c23 cm.
310 _aAnnual.
362 1 _aBegan in 1883.
500 _aA Directory of the General Conference, World Divisions, Union and local conferences and missions, educational institutions, Food industries, healthcare institutions, media centers, publishing houses and periodicals, radio and TV Stations, and risk management.
590 _aTHIS COMES OUT EACH YEAR IN MARCH.
610 2 0 _aGeneral Conference of Seventh-day Adventists
_xOffice of Archives, Statistics, and Research
_937715
650 _aSeventh-day Adventists
_vPublications
_xDirectory
_944069
690 _aSeventh-day Adventist publications.
_937716
730 0 0 _aYear book of the Seventh-day Adventist denomination.
_937717
730 0 0 _aSeventh-day Adventist yearbook.
_937718
730 0 _aS. D. A. yearbook.
_937719
730 0 _aSeventh-day Adventist Church yearbook.
_937720
730 0 _aSDA yearbook.
_937721
942 _2lcc
_cREF
_hBX 6108
_i2025
999 _c25313
_d25313